00731 2200217 4500001002100000005001700021008004100038035002400079082001100103090001800114100002400132245007200156260011800228300001900346650009100365700001100456850001200467980001300479985000600492999001500498YOGYA-0209000006223220090227040027.0 ind  0010-020900000062232 a899.23 a899.23bNat C aNATAHAMIDJAJA, R. B aCinta dan kebenarancR. B. Natahamidjaja, diceritakan oleh: Soegeng aJakartabDepartemen Pendidikan dan Kebudayaan Proyek Penerbitan Buku Bacaan dan Sastra Indonesia dan Daerahc1980 a143 hlmc21 cm aKesusasteraan Indonesia - Cerita, Indonesia - kesusasteraan - cerita, cerita Indonesia aSugeng aYOPDYOG a31-01-08 a1 aa000058543